000 00606nam a2200241Ia 4500
003 OSt
005 20220924144320.0
006 a|||||r|||| 00| 0
007 ta
008 220923b |||||||| |||| 00| 0 urd d
020 _c8
024 _a313546
037 _cTextual
040 _aARTS
_cARTS
_burd
041 _2urd
_aurd
082 _aO168,1M82x, N4
100 _aTakli Gorisaran Bali Aazad
_9217454
245 0 _aKham khanah
260 _c1994
650 _aURDU POETRY
942 _hO168,1M82x, N4
_cTEXL
_2CC
999 _c456737
_d456737